Guess the Footballler #1 - Statistics

General Stats
  • This quiz has been taken 220 times
  • The average score is 23 of 48
Answer Stats
Hint Answer % Correct
Barcelona RW Messi
100%
Real Madrid LW Ronaldo
97%
Barcelona ST Suarez
83%
Barcelona LW Neymar
82%
Bayern Munich ST Lewandowski
65%
Man City CAM De Bruyne
63%
Chelsea LM Hazard
63%
Bayern Munich RM Robben
62%
Real Madrid CM Modric
60%
PSG ST Cavani
59%
Bayern Munich CF Muller
59%
Real Madrid CB Ramos
59%
Man City ST Aguero
58%
Real Madrid CM Kroos
58%
Real Madrid ST Benzema
57%
Man City CAM Silva
57%
PSG CB Silva
57%
PSG ST Ibrahimovic
56%
Barcelona CM Iniesta
56%
Arsenal CAM Ozil
55%
Real Madrid RM Bale
53%
Barcelona CDM Busquets
50%
Bayern Munich LM Ribery
49%
Barcelona CB Pique
47%
Juventus CM Pogba
47%
Bayern Munich CB Boateng
45%
Dortmund LW Reus
45%
Dortmund CB Hummels
44%
PSG RW Di Maria
43%
Arsenal LW Sanchez
41%
Juventus CB Chiellini
40%
Man United ST Rooney
38%
Real Madrid CAM Isco
37%
Atletico Madrid CB Godin
34%
Man City CB Kompany
34%
Boca Juniors ST Tevez
34%
Real Madrid CAM James
33%
Bayern Munich CDM Lahm
32%
Chelsea ST Costa
30%
Bayern Munich LB Alaba
28%
Chelsea CB Terry
27%
Chelsea CM Fabregas
26%
Man City CM Toure
23%
Arsenal CAM Cazorla
18%
Man United CM Schweinsteiger
18%
Wolfsburg CB Naldo
17%
PSG CM Verratti
17%
Bayern Munich CM Vidal
16%
No matching quizzes found
Score Distribution
Percent of People with Each Score
Percentile by Number Answered
Your Score History
You have not taken this quiz